| 000 | 00623nam a2200205Ia 4500 | ||
|---|---|---|---|
| 003 | GCL | ||
| 008 | 140319s9999 xx 000 0 ara d | ||
| 040 |
_aGCL / _cGCL |
||
| 082 | 0 | 4 |
_a745.4 _bا ت |
| 100 | 1 | _aاسامة النحاس | |
| 245 | 1 | 0 |
_aالتصميمات الزخرفية البصرية والهندسية / _cاسامة النحاس |
| 260 |
_aالقاهرة : _bمكتبة مدبولى |
||
| 300 |
_a72 ص ؛ _c16 سم |
||
| 490 | _a | ||
| 650 | 0 | 4 | _aالفن |
| 650 | 0 | 4 | _aالفن الزخرفى |
| 650 | 0 | 4 | _aالتصميم الزخرفى |
| 650 | 0 | 4 | _aالفنون والحرف |
| 942 |
_2ddc _cBK |
||
| 999 |
_c33300 _d33300 |
||